Countries that Beat Ethiopia - Statistics

General Stats
  • This quiz has been taken 829 times
    563 since last reset
  • The average score is 9 of 15
Answer Stats
Rank Category Countries % Correct
2 Most populous in Africa [1] Nigeria
97%
6 Largest landlocked country Kazakhstan | Mongolia | Chad | Niger | Mali
95%
5 Highest coffee production [2] Brazil | Vietnam | Colombia | Indonesia
89%
2 Highest spices production [3] India
81%
2 Most Orthodox Christians [5] Russia
81%
3 Greatest amount of land in the Nile River Basin Sudan | South Sudan
80%
2 Most elite marathoners [7] Kenya
71%
2 Closest non-bordering country to Uganda Burundi
68%
5 Closest landlocked country to the ocean San Marino | Vatican City | Moldova | Laos
57%
2 Largest country to entirely be invaded by Italy Libya
55%
3 Highest hops production [4] Germany | United States
54%
3 Receives the most net foreign aid [6] Syria | Bangladesh
41%
3 Most official languages Bolivia | Zimbabwe
36%
3 Most recent African country to abolish monarchy Mauritius | Central African Republic
14%
5 Longest-serving incumbent female "President" Nepal | Taiwan | Singapore | Trinidad and Tobago
8%
No matching quizzes found
Score Distribution
Percent of People with Each Score
Percentile by Number Answered
Your Score History
You have not taken this quiz since the last reset